000 00708cam a22002173a 4500
001 43942
003 PGUSA
005 20140828084012.0
008 131012s2013||||xxu|||||s|||||000 | eng d
040 _aPGUSA
_beng
042 _adc
100 1 _aJackson, Thomas Wright
245 1 0 _aPlague :
_bIts Cause and the Manner of its Extension—Its Menace—Its Control and Suppression—Its Diagnosis and Treatment
_h[electronic resource] /
_cThomas Wright Jackson
260 _bProject Gutenberg,
_c2013
506 _aPublic domain in the USA.
516 _aElectronic text
700 1 _aSchöbl, Otto
830 0 _aProject Gutenberg
_v43942
856 4 0 _uhttp://www.gutenberg.org/ebooks/43942
942 _cEB
999 _c273193
_d273193